| 000 | 00633cam a22002171 4500 | ||
|---|---|---|---|
| 001 | af 48000702 | ||
| 003 | DLC | ||
| 005 | 20260227110845.0 | ||
| 008 | 771213s1946 gw ag 000 0bger | ||
| 010 | _aaf 48000702 | ||
| 035 | _a(OCoLC)3487114 | ||
| 040 |
_aDLC _cViU _dDLC |
||
| 042 | _apremarc | ||
| 050 | 0 | 0 |
_aML410.M9 _bZ35 |
| 100 | 1 |
_aZentner, Wilhelm, _d1893- |
|
| 245 | 1 | 4 | _aDer junge Mozart. |
| 260 |
_aAltötting, _b"Bücher der Heimat," _c1946. |
||
| 300 |
_a135 p. _billus. (music) _c18 cm. |
||
| 440 | 0 |
_aBücher der Heimat, aus Bayern, Oesterreich und Tirol, _vBd. 12 |
|
| 600 | 1 | 0 |
_aMozart, Wolfgang Amadeus, _d1756-1791. |
| 999 |
_c4177 _d4177 |
||